Teorija verojatnostej

Na minha lista:
Detalhes bibliográficos
Autor principal: Štrom, R. (Author)
Formato: Livro
Idioma:russo
Publicado em: Moskva : Mir, 1970
Tags: Adicionar Tag
Sem tags, seja o primeiro a adicionar uma tag!

MARC

LEADER 00000nam a22000003a 4500
001 stu204711
005 20150617230053.0
008 100601s1970----xxr-----------------rus-d
040 |a STU  |b slo 
041 0 |a rus 
044 |a xxr 
100 1 |a Štrom, R.  |4 aut 
245 1 |a Teorija verojatnostej 
260 |a Moskva :  |b Mir,  |c 1970 
996 |b E24743  |c E*24743  |l EE11  |s P  |a 0  |w stu204711_0001